| 000 | 00402cam a2200181 4500 | ||
|---|---|---|---|
| 001 | D11998 | ||
| 008 | 090401t1967 xxu||||| |||| 00| 0 eng d | ||
| 035 | _a(Sirsi) u633 | ||
| 041 | _aeng | ||
| 110 |
_aAqua Group _9865 |
||
| 245 | _aPre-contract practice | ||
| 250 | _a3rd | ||
| 260 |
_aCrosby _bLockwood and Son _c1967 |
||
| 350 | _a0 | ||
| 520 | _aShelf 113 | ||
| 942 | _n0 | ||
| 948 | _c04/03/1997 | ||
| 999 |
_c85578 _d85578 |
||